000 00568nam a22001937a 4500
999 _c8083
_d8083
003 BD-JhCC
005 20180218124545.0
008 180218b1984 bg ||||| |||| 00| 0 bg d
035 _a(BD-JhCC)
040 _aBD-JhCC
_dBD-JhCC
041 _aben
082 _a002
_b1984
100 _aগুপ্ত, ডাঃ সুনিতা
245 _aচিল্ড্রেন্স নলেজ ব্যাংক /
_c ডাঃ সুনিতা গুপ্ত
300 _a204 p. :
_c24 cm.
650 _aChildeen knowledge
942 _2ddc
_cBK